MDQL
is popping MORE tags! Check the
thread
!
Quizzes
Events
Quiz Creation
Community
Videos
Private Events
Remove Ads
Sign In
Join for FREE
Feedback
Dark Mode
Quiz Categories
Sports
Geography
Music
Movies
Television
Just For Fun
Miscellaneous
History
Literature
Language
Science
Gaming
Entertainment
Religion
Holiday
For Kids
Quiz Lab
Recent
Popular Today
Quiz Kudos Today
Editor Picks
Curator Picks
Quizzes by...
Day
Popularity
Type
Ratings
Length
Year
Community
Subscriptions
Recent Discussions
Orange Saloon
Badges
Playlists
Quests
Create
Leaderboards
Showdown
Live 5
Trivia Bingo
Activity
Puzzle Library
Sporcle Events
Private Events
Virtual Trivia
Globe League
Become a Host
Pub Owners
SporcleCon
Opinionation
Our Games
Videos
Blog
Mobile Apps
Partnerships
Remove Ads and Go Orange
Feedback
Television
TV Characters
TV Show
Sitcom
Network
Friends
Reality Shows
Cast
South Park
Star Trek
The Simpsons
Doctor Who
Television
TV Characters
TV Show
Sitcom
Network
Friends
Reality Shows
Cast
South Park
Star Trek
The Simpsons
Doctor Who
Random Quiz
Search Sporcle
×
Quiz Lab
Quiz Lab
Television
Show
Type in answers that appear in a list
Type in answers that appear in a list
Classic
Best Score? Go Orange.
$3 Bills - 2000's TV (TV shows by third bill character) Stats
Can you name the $3 Bills - 2000's TV (TV shows by third bill character)?
By
iKNOWall
15m
60 Questions
461 Plays
461 Plays
461 Plays
Comments
Comments
Give Quiz Kudos
Give Quiz Kudos
-
- Ratings
hide this ad
More Info
Random Order
Randomize order of answers
Randomize order of answers
Replay
Link that replays current quiz
Next Quiz
Link to next quiz in quiz playlist
You Got
0%
They Got
Avg Score
43%
Avg Friend Score
Upgrade to see
Score Distribution
Jump to the score distribution portion of the page
Score
0/60
Timer
15:00
0
Plays Today
Character
TV Show
% Correct
Tracy Jordan
30 Rock
82.8%
Pam Beesly
The Office U.S.
82%
Penny
Big Bang Theory
82%
Dr. Elliot Reid
Scrubs
80.2%
Sue Sylvester
Glee
80%
Dr. Cristina Yang
Grey's Anatomy
78.9%
Lindsay Bluth Fünke
Arrested Development
78.7%
Jack Shephard
Lost
78%
Robin Scherbatsky
How I Met Your Mother
75.7%
Claire Dunphy
Modern Family
70.9%
Dr. Eric Foreman
House M.D.
66.7%
Johnny 'Drama' Chase
Entourage
66.3%
Bree Van De Kamp
Desperate Housewives
65.9%
Jake Harper
Two and a Half Men
65.4%
Nick Stokes
CSI: Crime Scene Investigation
64.6%
Jason Stackhouse
True Blood
63.5%
Cheryl David
Curb Your Enthusiasm
61.5%
Abed Nadir
Community
61.3%
Lana Lang
Smallville
58.9%
Peter Petrelli
Heroes
57.4%
Tony Almeida
24
55.7%
Tom Haverford
Parks and Recreation
54.3%
Abby Sciuto
NCIS
50.2%
Reese
Malcolm in the Middle
49.6%
Pete Campbell
Mad Men
47.4%
Cpt. Lee 'Apollo' Adama
Battlestar Galactica
46.7%
Lt. Maria LaGuerta
Dexter
46.5%
Eric Delko
CSI: Miami
45.9%
Jesse Pinkman
Breaking Bad
43.5%
Dennis Reynolds
It's Always Sunny in Philadelphia
39.8%
Character
TV Show
% Correct
Ellie Bartowski
Chuck
39.3%
Nate Archibald
Gossip Girl
38.5%
Julie Taylor
Friday Night Lights
38%
Dr. Sheldon Hawkes
CSI: NY
37.8%
Ryan Atwood
The O.C.
36.5%
Klaus*
American Dad!
36.1%
Asst. State's Atty. Rhonda Pearlman
The Wire
32.2%
Dean Venture*
The Venture Bros.
31.7%
Hoban 'Wash' Washburne
Firefly
31.5%
Carlton Lassiter
Psych
31.1%
Dr. Spencer Reid
Criminal Minds
30.9%
Captain Leland Stottlemeyer
Monk
29.6%
Logan Echolls
Veronica Mars
28.3%
Sam Axe
Burn Notice
28%
Julia McNamara
Nip Tuck
27.8%
Joy Turner
My Name Is Earl
25.7%
Fernando Sucre
Prison Break
25.2%
Shirley Schmidt
Boston Legal
20.9%
Detective Shane Vendrell
The Shield
20.7%
Alma Garret
Deadwood
20.7%
Atia of the Julii
Rome
19.3%
Sub-
Commander T'Pol
Star Trek: Enterprise
17.6%
Deputy Travis Junior
Reno 911
16.5%
Kimball Cho
The Mentalist
15.4%
Sean Garrity
Rescue Me
13.9%
Deputy Jo Lupo
Eureka
11.1%
Ling-
Ling*
Drawn Together
9.1%
Captain Liberty
The Tick
8.9%
Artie Nielsen
Warehouse 13
5.7%
Dinah Lance
Birds of Prey
4.8%
Quiz Playlist
Details
Report
Send in Message
Add To Playlist
More Info:
*aminated. NO REALITY OR GAME SHOWS.
Classic:
Type in answers that appear in a list
Random Order:
Randomize order of answers
Last Updated: Feb 16, 2017
Quiz Scoreboard
CHALLENGE
Sign Up to Join the Scoreboard
Show All
Scores
Hide
Comments
May contain spoilers
Recently Published
Holiday 10x10 Sorting Gallery
by lukepisani3
Holiday
15m
Two Season TV Shows II
by 123Four
Television
10m
Image Sorting: Flags VI
by Barbecue
Geography
2m
More to Explore
Quiz From the Vault
Featured Blog Post
14 Easter Pick-up Lines to Find Eggs With
hide this ad
You Might Also Like...
Tags
Show Quiz
2000
Air
bill
Character
third
Today's Top Quizzes in Television
Browse Television
hide this ad
Today's Top Quizzes in Show
Browse Show
Top Contributed Quizzes in Television
1
Survivor Journey Challenge
2
Even More Two Season TV Shows
3
Adjectives in 00s TV Shows
4
Brooklyn Nine Nine Logic Puzzle (How-To-Play)
5
Adjectives in 10s TV Shows
6
Click the SpongeBob Episodes (Season 3)
7
Even More Three Season TV Shows
8
Survivor Logic Puzzle: Heroes vs. Villains
9
Total Drama Characters
10
Survivor Heroes vs. Villains Logic Puzzle
Explore More
Trending Topics
Harry Potter
Kpop
Disney
Marvel
Anime
NBA
Crossword
Song
NFL
WWE
Soccer
Pokémon
Puzzle
The Office
Country
hide this ad
More By:
iKNOWall
Quiz
Plays
Rating
Category
Featured
Created
300+ Home Run Hitters by Best Year
1,188
4.67
Sports
Oct 14, 2011
NHL top goal scorers by position and year - 90s
623
4.33
Sports
Oct 14, 2011
NHL top goal scorers by position and year - 2000-present
615
4.11
Sports
Oct 14, 2011
$3 Bills - 2000's TV (TV shows by third bill character)
461
4.67
Television
Oct 12, 2011
NFL Yardage By Draft Year
449
5.00
Sports
Nov 29, 2011
Go to Creator's Profile
Score Distribution
Quiz Creator Spotlight
iKNOWall
Follow
Send a Message
Quizzes Created
-
Created Quiz Play Count
-
More By This Creator
Popular Quizzes Today
1
Find the US States - No Outlines Minefield
2
Colored Red Africa Blitz
3
Find the 'City' Movie
4
The Countries of the World
5
5x2 Blitz: Bands
6
Find the Countries of Europe - No Outlines Minefield
7
Find the US States
8
US States
More Television Quizzes
Doctor Who: Order the Doctors
Editor's Pick
Trending Quizzes
Colored Red Europe Blitz I
Colored Red Africa Blitz II
Colored Red Europe Blitz II
Even More Two Season TV Shows
Colored Red Africa Blitz III
Recently Updated
Odd Team Out - Big 4 Players
pecheneg
Quick Pick: 20 Twenties
pecheneg
March Madness Men's Triple Doubles
pecheneg
How Do You Spell That?
pecheneg
Godzilla Movies
pecheneg
Grab Bag: 4-10 Letters
pecheneg
2024 March Madness Bracket
pecheneg
Famous TV Couples
Peacemaker
Champions League XIs: Real Madrid
pecheneg
Largest US Cities 1790-2010
pecheneg
Trending Topics
Crossword
Marvel
Anime
NBA
Kpop
Disney
Harry Potter
Soccer
Country
NFL
Puzzle
Pokémon
The Office
Song
WWE
Your Account Isn't Verified!
In order to create a playlist on Sporcle, you need to verify the email address you used during registration. Go to your
Sporcle Settings
to finish the process.
Report this User
Report this user for behavior that violates our
Community Guidelines
.
Details:
Send Report
Go to the Sporcle.com Mobile Site →
Comments